000 00771nam a2200205 a 4500
003 0
005 20250513094917.0
008 050103s19uu xx 00 eng d
050 _aPGS HQ 784.I58
_b.D117 2002
100 _aDacayan, Karenne Santos.
245 _aPerception of grade 6 students of Southville International School of the use of the internet /
_cKarenne Santos Dacayan.
260 _aLas PiƱas City, Philippines :
_bSouthville International School and Colleges,
_c2002.
300 _a30 pages :
_billustrations ;
_c28 cm.
504 _aIncludes bibliographical references.
650 _aInternet and children.
650 _aInternet in education.
650 _aInternet
_vSocial aspects.
650 _aOnline behavior of children.
942 _2lcc
_cPASS
999 _c96613
_d96613